JCT standard form of building contract 1980 edition: practice note 20: deciding on the appropriate form of JCT main contract (Record no. 97549)

MARC details
000 -LEADER
fixed length control field 00709cam a2200229 4500
001 - CONTROL NUMBER
control field D6201
008 - FIXED-LENGTH DATA ELEMENTS--GENERAL INFORMATION
fixed length control field 090401t1984 xxu||||| |||| 00| 0 eng d
035 ## - SYSTEM CONTROL NUMBER
System control number (Sirsi) u90392
041 ## - LANGUAGE CODE
Language code of text/sound track or separate title eng
050 ## - LIBRARY OF CONGRESS CALL NUMBER
Classification number 692.8
090 ## - LOCALLY ASSIGNED LC-TYPE CALL NUMBER (OCLC); LOCAL CALL NUMBER (RLIN)
Classification number (OCLC) (R) ; Classification number, CALL (RLIN) (NR) JCT 1984/8C
110 ## - MAIN ENTRY--CORPORATE NAME
Corporate name or jurisdiction name as entry element Joint Contracts Tribunal
9 (RLIN) 3664
245 ## - TITLE STATEMENT
Title JCT standard form of building contract 1980 edition: practice note 20: deciding on the appropriate form of JCT main contract
250 ## - EDITION STATEMENT
Edition statement Rev
260 ## - PUBLICATION, DISTRIBUTION, ETC.
Place of publication, distribution, etc. London
Name of publisher, distributor, etc. RIBA Publications for JCT
Date of publication, distribution, etc. 1984
300 ## - PHYSICAL DESCRIPTION
Extent 10p. 30cm
350 ## - PRICE (NR) (BK AM CF MU VM SE) [OBSOLETE]
Price 0
490 ## - SERIES STATEMENT
Series statement JCT Practice Note
Volume/sequential designation 20
520 ## - SUMMARY, ETC.
Summary, etc. Filed in box JCT 1984/8 ABCD - Archives, B - Reference, C - Loan, D - Loan
942 ## - ADDED ENTRY ELEMENTS (KOHA)
Suppress in OPAC 0
948 ## - LOCAL PROCESSING INFORMATION (OCLC); SERIES PART DESIGNATOR (RLIN)
c (OCLC) 04/03/1997
Holdings
Withdrawn status Lost status Source of classification or shelving scheme Damaged status Not for loan Home library Current library Shelving location Date acquired Total Checkouts Full call number Barcode Date last seen Copy number Price effective from Koha item type Date last checked out
    Dewey Decimal Classification     London London Boxed set 08/08/1991   JCT 1984/8 30016422 06/08/2019 1 06/08/2019 Reference material  
    Dewey Decimal Classification     London London Gallery 08/08/1991   JCT 1984/8 30016423 06/08/2019 2 06/08/2019 Reference material  
    Dewey Decimal Classification     London London Boxed set 08/08/1991 2 JCT 1984/8 30016424 06/08/2019 3 06/08/2019 Book 20/04/2001
    Dewey Decimal Classification     London London Boxed set 19/08/2002   JCT 1984/8 30016385 06/08/2019 4 06/08/2019 Book